Freud / (Record no. 95083)

MARC details
000 -LEADER
campo de control de longitud fija 00893nam a2200241 i 4500
001 - NÚMERO DE CONTROL
campo de control 95083
003 - IDENTIFICADOR DE NÚMERO DE CONTROL
campo de control ES-MaACL
005 - FECHA Y HORA DE LA ÚLTIMA TRANSACCIÓN
campo de control 20250404194134.0
007 - CAMPO FIJO DE DESCRIPCIÓN FÍSICA--INFORMACIÓN GENERAL
campo de control de longitud fija t|
008 - DATOS DE LONGITUD FIJA--INFORMACIÓN GENERAL
campo de control de longitud fija 050523q1951 sp ||||1| spa d
100 1# - ENTRADA PRINCIPAL--NOMBRE DE PERSONA
Nombre de persona Ludwig, Emil.
9 (RLIN) 74618
245 10 - MENCIÓN DEL TÍTULO
Título Freud /
Mención de responsabilidad, etc. Emil Ludwig; [traducción del inglés por Victor Sholz].
260 ## - PUBLICACIÓN, DISTRIBUCIÓN, ETC.
Lugar de publicación, distribución, etc. Barcelona :
Nombre del editor, distribuidor, etc. Mateu,
Fecha de publicación, distribución, etc. [1951?]
300 ## - DESCRIPCIÓN FÍSICA
Extensión 260 p. ;
Dimensiones 21 cm.
600 14 - PUNTO DE ACCESO ADICIONAL DE MATERIA--NOMBRE DE PERSONA
9 (RLIN) 52547
Nombre de persona Freud, Sigmund,
Fechas asociadas al nombre 1856-1939
650 #4 - PUNTO DE ACCESO ADICIONAL DE MATERIA--TÉRMINO DE MATERIA
9 (RLIN) 16530
Término de materia o nombre geográfico como elemento de entrada Psicoanálisis
700 1# - ENTRADA AGREGADA--NOMBRE PERSONAL
Nombre de persona Scholz, Víctor.
9 (RLIN) 104643
852 ## - LOCALIZACIÓN
Ubicación ES-MaACL
Número de control de estantería D-6570
Sublocalización o colección R.31548
-- R.M.6161
itemnumber 98613
Ubicación en estantería Sala Valle Inclán
Marcas de propiedad Sello en tinta azul de la Biblioteca del Ateneo de Madrid
Encuadernación Encuadernación en tela azul
942 ## - ELEMENTOS DE ENTRADA SECUNDARIOS (KOHA)
Fuente del sistema de clasificación o colocación Clasificación decimal universal
Tipo de ítem Koha Libro impreso
Holdings
Estatus retirado Estado de pérdida Estado de daño No para préstamo Biblioteca de origen Biblioteca actual Ubicación en estantería Fecha de adquisición Fuente de adquisición Total de préstamos Signatura topográfica completa Código de barras Visto por última vez Precio de reemplazo Tipo de ítem Koha
        Biblioteca del Ateneo de Madrid Biblioteca del Ateneo de Madrid Sala Valle Inclán 17/01/2008     D-6570 901099292 23/02/2023 23/02/2023 Libro impreso